Central Library OPAC University of Rajshahi

Census of Pakistan, 1951 : (Record no. 65434)

MARC details
000 -LEADER
fixed length control field 01258nam a2200289 a 4500
001 - CONTROL NUMBER
control field 65434
003 - CONTROL NUMBER IDENTIFIER
rucl marc code BD-RjUL
005 - DATE AND TIME OF LATEST TRANSACTION
control field 20211209081427.0
008 - FIXED-LENGTH DATA ELEMENTS--GENERAL INFORMATION
fixed length control field 170306s1952 pk ||||||||s|o00| 0 eng d
020 ## - INTERNATIONAL STANDARD BOOK NUMBER
Terms of availability : PRs. 1.00
035 ## - SYSTEM CONTROL NUMBER
System control number (BD-RjUL)65564
040 ## - CATALOGING SOURCE
Original cataloging agency BD-RjUL
Language of cataloging eng
Transcribing agency BD-RjUL
Modifying agency BD-RjUL
041 ## - LANGUAGE CODE
Language code of text/sound track or separate title eng
082 ## - DEWEY DECIMAL CLASSIFICATION NUMBER
Edition number 23
Classification number 304.609549021
Author mark and year RAH 1952 (VL)
110 1# - MAIN ENTRY--CORPORATE NAME
Corporate name or jurisdiction name as entry element Pakistan.
Subordinate unit office of the Provincial Superintendent Census.
9 (RLIN) 193011
245 10 - TITLE STATEMENT
Title Census of Pakistan, 1951 :
Remainder of title Village list : Rahimyar Khan District (Bahawalpur State) /
Statement of responsibility, etc. Pakistan. office of the Provincial Superintendent Census ; M. H. Mahmood , [comp.]
246 ## - VARYING FORM OF TITLE
Title proper/short title Census of Pakistan, 1951 :
Remainder of title Village list : Bahawalpur State : Rahimyar Khan District.
260 ## - PUBLICATION, DISTRIBUTION, ETC. (IMPRINT)
Place of publication, distribution, etc. Karachi:
Name of publisher, distributor, etc. Manager of Publications,
Date of publication, distribution, etc. [1952]
300 ## - PHYSICAL DESCRIPTION
Pagination ii, 48 p. ;
Size 24 cm.
490 ## - SERIES STATEMENT
Series statement Census 51 ;
Volume/sequential designation No. 30B (1).
500 ## - GENERAL NOTE
General note " chiefly statistical data"
651 ## - SUBJECT ADDED ENTRY--GEOGRAPHIC NAME
Geographic name Pakistan
Geographic subdivision West Pakistan
-- Rahimyar Khan District (Bahawalpur State)
Form subdivision census,1951
9 (RLIN) 193660
Geographic name Pakistan
Geographic subdivision West Pakistan
-- Rahimyar Khan District (Bahawalpur State)
General subdivision Population
Form subdivision Statistics
Chronological subdivision 1951
9 (RLIN) 193661
700 ## - ADDED ENTRY--PERSONAL NAME
Personal name Mahmood, M. H. , [comp.]
830 ## - SERIES ADDED ENTRY--UNIFORM TITLE
Uniform title Census 51 ;
Volume number/sequential designation No. 30B (1).
942 ## - ADDED ENTRY ELEMENTS (KOHA)
Source of classification or shelving scheme Dewey Decimal Classification
Koha item type Rare Books
Holdings
Lost status Source of classification or shelving scheme Damaged status Not for loan Collection code Permanent Location Current Location Shelving location Date acquired Source of acquisition Cost, normal purchase price Total Checkouts Full call number Date last seen Copy number Koha item type
  Dewey Decimal Classification   Not For Loan Rare Books Central Library, University of Rajshahi Central Library, University of Rajshahi Rare Book Section 26/01/1955 C. P. B. , Dacca 1.00   RA 304.609549021 RAH 1952(VL) 06/03/2017 C-1 Rare Books